| Поле | Инд. | ПП | Название | Значение |
|---|---|---|---|---|
| Тип записи | a | |||
| Библиографический уровень | m | |||
| 001 | Контрольный номер | RU/IS/BASE/393079855 | ||
| 005 | Дата корректировки | 20250904165709.9 | ||
| 008 | Кодируемые данные | 20120615 | ||
| 020 | a | ISBN | 9785811402496 | |
| 040 | b | Код языка каталог. | rus | |
| e | Правила каталог. | PSBO | ||
| 041 | 0_ | a | Код языка текста | rus |
| 084 | a | Индекс другой классификации/Индекс ББК | 71я73; 71.01я73; 71.02я73; 71.03я73; 71.045я73 | |
| 090 | a | Полочн. индекс | 71я73 | |
| x | Авторский знак | К 242 | ||
| 100 | 1_ | a | Автор | Кармин А. С. |
| q | Полное имя | Кармин Анатолий Соломонович | ||
| 245 | 10 | a | Заглавие | Культурология |
| b | Продолж. заглавия | учебник для вузов | ||
| c | Ответственность | редколлегия: С. Н. Иконников, А. С. Колесников, В. В. Селиванов [и др.] | ||
| 260 | a | Место издания | Санкт-Петербург | |
| b | Издательство | Лань | ||
| c | Дата издания | 2001 | ||
| 300 | a | Объем | 832 с. | |
| 336 | a | Термин вида содержания | Текст | |
| 337 | a | Термин типа средства | непосредственный | |
| 440 | _0 | a | Серия | Учебник для вузов. Специальная литература |
| 504 | a | Библиография | Алф. указ.: с. 818-825 | |
| 600 | 14 | a | Персоналии | Шпенглер Освальд |
| a | Персоналии | Данилевский Николай Яковлевич | ||
| a | Персоналии | Тойнби Арнолд Джозеф | ||
| a | Персоналии | Сорокин Питирим Александрович | ||
| a | Персоналии | Каган Моисей Самойлович | ||
| 650 | 14 | a | Основная рубрика | культурология |
| 653 | 0_ | a | Ключевые слова | американцы |
| a | Ключевые слова | будущее | ||
| a | Ключевые слова | генезис культуры | ||
| a | Ключевые слова | динамика культуры | ||
| a | Ключевые слова | духовная культура | ||
| a | Ключевые слова | европейцы | ||
| a | Ключевые слова | естественные языки | ||
| a | Ключевые слова | знаковые системы | ||
| a | Ключевые слова | искусство | ||
| a | Ключевые слова | историко-культурный процесс | ||
| a | Ключевые слова | китайцы | ||
| a | Ключевые слова | культура | ||
| a | Ключевые слова | культурологическое познание | ||
| a | Ключевые слова | массовая культура | ||
| a | Ключевые слова | мифология | ||
| a | Ключевые слова | модели культуры | ||
| a | Ключевые слова | мораль | ||
| a | Ключевые слова | моральные ценности | ||
| a | Ключевые слова | народы | ||
| a | Ключевые слова | национальная культура | ||
| a | Ключевые слова | нравственная культура | ||
| a | Ключевые слова | организационная культура | ||
| a | Ключевые слова | политическая культура | ||
| a | Ключевые слова | правовая культура | ||
| a | Ключевые слова | происхождение культуры | ||
| a | Ключевые слова | пространство культуры | ||
| a | Ключевые слова | разум | ||
| a | Ключевые слова | религия | ||
| a | Ключевые слова | русские | ||
| a | Ключевые слова | семиотика | ||
| a | Ключевые слова | символические структуры | ||
| a | Ключевые слова | современное общество | ||
| a | Ключевые слова | социальная культура | ||
| a | Ключевые слова | социальное взаимодействие | ||
| a | Ключевые слова | социокультурная динамика | ||
| a | Ключевые слова | структура культуры | ||
| a | Ключевые слова | судьба | ||
| a | Ключевые слова | технологическая культура | ||
| a | Ключевые слова | типология искусства | ||
| a | Ключевые слова | типология культуры | ||
| a | Ключевые слова | феномен культуры | ||
| a | Ключевые слова | философия | ||
| a | Ключевые слова | функции культуры | ||
| a | Ключевые слова | цивилизации | ||
| a | Ключевые слова | экономическая культура | ||
| a | Ключевые слова | этнокультурные стереотипы | ||
| a | Ключевые слова | язык искусства | ||
| a | Ключевые слова | язык культуры | ||
| a | Ключевые слова | японцы | ||
| 655 | a | Жанр/ форма (устаревшее) | учебное пособие | |
| 700 | 12 | a | Автор | Иконникова С. Н. |
| e | Роль лиц | редактор | ||
| 700 | 1_ | a | Автор | Колесников А. С. |
| e | Роль лиц | редактор | ||
| 700 | 1_ | a | Автор | Селиванов В. В. |
| e | Роль лиц | редактор | ||
| 700 | 1_ | a | Автор | Мосолова Л. М. |
| e | Роль лиц | редактор | ||
| 700 | 1_ | a | Автор | Сандулов Ю. А. |
| e | Роль лиц | редактор | ||
| 787 | 18 | w | Контрольный номер связываемой записи | DU/614081044 |
| 901 | t | Тип документа | m | |
| 952 | a | Тип литературы для КСУ ВШ | УИ | |
| 954 | a | Гриф | 1.1.5 |